LEADER 01219nam0 22003011i 450 001 RML0264932 005 20231121125721.0 010 $a8870755282 100 $a20121121d1999 ||||0itac50 ba 101 | $aita 102 $ait 181 1$6z01$ai $bxxxe 182 1$6z01$an 200 1 $aGuida pratica alle prove d'esame$ecenni di biblioteconomia e bibliografia generale con quesiti di verifica$fAnna Rita Zanobi, Paola Ferro 210 $aMilano $cEditrice bibliografica $dİ1999 215 $a190 p.$cfig.$d20 cm 606 $aBiblioteconomia Manuali per concorsi$2FIR$3RMLC405169$9I 676 $a020$9Biblioteconomia e Scienza dell'informazione$v21 700 1$aZANOBI$b, Anna Rita$3RMLV149274$04885 701 1$aFERRO$b, Paola$3RMLV149275$08970 801 3$aIT$bIT-01$c20121121 850 $aIT-FR0098 899 $aBiblioteca Area Giuridico Economica$bFR0098 912 $aRML0264932 950 0$aBiblioteca Area Giuridico Economica$d 53TER 020/32$e 53VM 0000352425 VM barcode:ECO013236. - Inventario:5307. - Fondo:Ufficio amm.neVM$fB $h20030922$i20121204 977 $a 53 996 $aGuida pratica alle prove d'esame$91451480 997 $aUNICAS